Statistics for Island Geography by Letter – F

Click here to take the quiz!

General Stats

  • This quiz has been taken 72 times
  • The average score is 8 of 16

Answer Stats

HintAnswer% Correct
Site of a 1982 war between the UK and ArgentinaFalkland Islands
100%
A popular tourist destination, its main island is Viti LevuFiji
94%
Tiny Danish archipelago with a similar population to GreenlandFaroe Islands
81%
Territory in which Tahiti is locatedFrench Polynesia
72%
Tuvaluan capitalFunafuti
69%
Pacific nation divided into four states, including Chuuk and YapF. S. Micronesia
66%
Honshu prefecture that suffered a horrific nuclear disaster in 2011Fukushima
65%
Biggest city in KyushuFukuoka
59%
Indonesian island whose name means flowers in both Spanish and PortugueseFlores
57%
Capital of the Madeira IslandsFunchal
51%
U.S. island chain between Cuba and the mainlandFlorida Keys
50%
The world's largest sand island, located in QueenslandFraser Island
15%
Largest island in the above known for its spectacular sceneryFlinders Island
9%
Both the northernmost point of South Island, New Zealand and the southernmost point of GreenlandCape {Farewell}
4%
Section of the Aleutian Islands including Unalaska IslandFox Islands
3%
Island cluster in Australia's Bass StraitFurneaux Group
1%

Score Distribution

Percentile by Number Answered

Percent of People with Each Score

Your Score History

You have not taken this quiz